Fuera de encuadre /

Saved in:
Bibliographic Details
Main Author: Herrero, Fermín, (Author)
Format: Book
Language:Spanish
Published: Madrid : Reino de Cordelia, 2017.
Edition:Primera edición en Los versos de Cordelia.
Series:Versos de Cordelia ; 36.
Subjects:
Online Access:Table of contents
Tags: Add Tag
No Tags, Be the first to tag this record!
LEADER 01122cam a2200349Ii 4500
001 13015980
005 20180227151654.0
008 171127e201711 sp 000 p spa d
035 |a (OCoLC)on1014015776 
040 |a C3L  |b eng  |c C3L  |d NUI  |d OCLCF  |d NNC 
020 |a 9788416968305 
020 |a 8416968306 
035 |a (OCoLC)1014015776 
050 4 |a PQ6658.E7687  |b F84 2017 
082 1 4 |a 861  |2 14 
049 |a ZCUA 
100 1 |a Herrero, Fermín,  |e author. 
245 1 0 |a Fuera de encuadre /  |c Fermín Herrero. 
250 |a Primera edición en Los versos de Cordelia. 
264 1 |a Madrid :  |b Reino de Cordelia,  |c 2017. 
300 |a 128 pages ;  |c 19 cm. 
336 |a text  |b txt  |2 rdacontent 
337 |a unmediated  |b n  |2 rdamedia 
338 |a volume  |b nc  |2 rdacarrier 
490 1 |a Versos de Cordelia ;  |v 36 
500 |a Poems. 
650 0 |a Spanish poetry  |y 21st century. 
650 7 |a Spanish poetry.  |2 fast  |0 (OCoLC)fst01128654 
648 7 |a 2000-2099  |2 fast 
830 0 |a Versos de Cordelia ;  |v 36. 
856 4 2 |u http://www.puvill.com/toc/9788416968305.pdf  |z Table of contents 
852 0 0 |b glx4off  |h PQ6658.E7687  |i F84 2017g